000
00324nam a22001457a 4500
003
SGT
020
_a
9789350353196
082
_a
340.07 954, KUM
100
_a
KUMAR,N.M.G
245
_a
CLINICAL LEGAL EDUCATION
260
_a
NEW DELHI
_b
UNIVERSAL
_c
2013
300
_a
196
650
_a
LEGAL EDUCATION
942
_2
ddc
_c
BK
_0
1
999
_c
9650
_d
9650